| 000 | 00342nam a22001337a 4500 | ||
|---|---|---|---|
| 008 | 250408b |||||||| |||| 00| 0 eng d | ||
| 020 | _a81176294179 | ||
| 050 |
_aJF799 _bG64 |
||
| 100 | _aGOEL S.L. | ||
| 245 | _aAdvanced Public Administration | ||
| 260 |
_aNew Delhi _bDeep & Deep Publication Ltd. _c2008 |
||
| 300 | _axii, 810p. | ||
| 942 | _cBK | ||
| 999 |
_c2916 _d2916 |
||